Normal view
MARC view
- NAWAZ ,HAMZA
Entry Personal Name
001 - CONTROL NUMBER
- control field: 122332
003 - CONTROL NUMBER IDENTIFIER
- control field: NUST
005 - DATE AND TIME OF LATEST TRANSACTION
- control field: 20240416122835.0
008 - FIXED-LENGTH DATA ELEMENTS
- fixed length control field: 240416|| aca||aabn | a|a d
040 ## - CATALOGING SOURCE
- Original cataloging agency: NUST
- Transcribing agency: NUST
100 ## - HEADING--PERSONAL NAME
- Personal name: NAWAZ ,HAMZA
670 ## - SOURCE DATA FOUND
- Source citation: Work cat.: (NUST): NAWAZ ,HAMZA , Design and Development of Layer by Layer Deposition Mechanism for Selective Laser Melting Process /
